[Event "United Insurance 11th"]
[Site "Dhaka"]
[Date "2009.08.29"]
[Round "10"]
[White "Tandukar, Nabin"]
[Black "Shrestha, Bilam Lal"]
[Result "0-1"]
[WhiteElo "2133"]
[BlackElo "2106"]
[PlyCount "98"]
[EventDate "2009.08.21"]
[EventType "swiss"]
[EventRounds "10"]
[EventCountry "BAN"]
[SourceTitle "CBM 131 Extra"]
[Source "ChessBase"]
[SourceDate "2009.09.03"]
[SourceVersion "2"]
[SourceVersionDate "2009.09.16"]
[SourceQuality "1"]

1. e4 c5 2. Nf3 d6 3. d4 cxd4 4. Nxd4 Nf6 5. Nc3 a6 6. Be2 e5 7. Nf3 h6 8. Bc4 Qc7 9. Bb3 Bg4 10. Be3 Nbd7 11. h3 Bh5 12. 0-0 Rc8 13. g4 Bg6 14. Nd2 Be7 15. Qe2 0-0 16. f3 b5 17. a3 Nc5 18. Ba2 Ncd7 19. h4 Nb6 20. Qf2 Nc4 21. Nxc4 bxc4 22. Rad1 Qb7 23. Rb1 d5 24. g5 d4 25. gxf6 dxe3 26. Qg3 Bxf6 27. Nd5 Kh8 28. Kh1 Rfd8 29. Nxe3 Bxe4 30. fxe4 Qxe4+ 31. Ng2 Rd2 32. Rf2 Bxh4 33. Qf3 Qxf3 34. Rxf3 Bf6 35. Ne3 e4 36. Rff1 Rc5 37. Rxf6 gxf6 38. Bxc4 Rh5+ 39. Kg1 f5 40. Rd1 Rg5+ 41. Kf1 Rxd1+ 42. Nxd1 h5 43. Bxa6 h4 44. Bb7 h3 45. Nf2 h2 46. Ke2 Rg2 47. Bxe4 fxe4 48. Ke3 Rxf2 49. Kxf2 h1Q 0-1

[Event "United Insurance 11th"]
[Site "Dhaka"]
[Date "2009.08.27"]
[Round "8"]
[White "Islam, Mohammad Aminul"]
[Black "Shrestha, Bilam Lal"]
[Result "1/2-1/2"]
[WhiteElo "2188"]
[BlackElo "2106"]
[PlyCount "111"]
[EventDate "2009.08.21"]
[EventType "swiss"]
[EventRounds "10"]
[EventCountry "BAN"]
[SourceTitle "CBM 131 Extra"]
[Source "ChessBase"]
[SourceDate "2009.09.03"]
[SourceVersion "2"]
[SourceVersionDate "2009.09.16"]
[SourceQuality "1"]

1. Nf3 d5 2. g3 Nf6 3. Bg2 c6 4. b3 e6 5. Bb2 Bd6 6. d3 Qe7 7. Nbd2 0-0 8. a3 e5 9. e4 Re8 10. h3 Nbd7 11. 0-0 Nf8 12. Re1 Ng6 13. exd5 cxd5 14. Nxe5 Bxe5 15. Bxe5 Nxe5 16. d4 Qc7 17. dxe5 Rxe5 18. c4 Rxe1+ 19. Qxe1 Be6 20. Rc1 Qd7 21. Kh2 Re8 22. Qd1 dxc4 23. Nxc4 Qxd1 24. Rxd1 b6 25. Rd4 g6 26. Nd6 Re7 27. b4 Kg7 28. f4 Rc7 29. g4 Rc2 30. Kg1 Rc1+ 31. Kf2 Rc2+ 32. Kf1 Rc1+ 33. Ke2 Rc2+ 34. Rd2 Rxd2+ 35. Kxd2 Bd5 36. Bf1 Ne4+ 37. Nxe4 Bxe4 38. Ke3 Bc6 39. Kd4 Kf6 40. h4 h6 41. Bc4 Bf3 42. g5+ hxg5 43. hxg5+ Ke7 44. Ke5 Bc6 45. Bb3 Bf3 46. Bd5 Bg4 47. a4 a5 48. bxa5 bxa5 49. Bb3 Bd7 50. Kd4 f6 51. Kc5 fxg5 52. fxg5 Be8 53. Kb6 Kd6 54. Kxa5 Ke5 55. Kb6 Bxa4 56. Bxa4 1/2-1/2

[Event "United Insurance 11th"]
[Site "Dhaka"]
[Date "2009.08.25"]
[Round "6"]
[White "Shrestha, Bilam Lal"]
[Black "Abdullah, Al Saif"]
[Result "0-1"]
[WhiteElo "2106"]
[BlackElo "2083"]
[PlyCount "84"]
[EventDate "2009.08.21"]
[EventType "swiss"]
[EventRounds "10"]
[EventCountry "BAN"]
[SourceTitle "CBM 131 Extra"]
[Source "ChessBase"]
[SourceDate "2009.09.03"]
[SourceVersion "2"]
[SourceVersionDate "2009.09.16"]
[SourceQuality "1"]

1. e4 d5 2. exd5 Qxd5 3. Nc3 Qa5 4. d4 Nf6 5. Bd3 c6 6. Nf3 Bg4 7. 0-0 e6 8. h3 Bh5 9. a3 Bd6 10. b4 Bxb4 11. Ne4 Nxe4 12. Bxe4 Bd6 13. Rb1 Qc7 14. c4 Nd7 15. c5 Be7 16. Qa4 0-0 17. Re1 Nf6 18. Bc2 Bxf3 19. gxf3 Rfd8 20. Kh1 Nd5 21. Qb3 Rab8 22. Rg1 Qd7 23. f4 Bf6 24. Be3 e5 25. f5 Nxe3 26. fxe3 exd4 27. e4 Qe7 28. Bd3 Qxc5 29. Rbc1 Qe5 30. Rg4 Rd7 31. h4 h5 32. Rg2 Qf4 33. Qd1 Be5 34. Rc5 Qxh4+ 35. Kg1 Bf4 36. Qf3 Qe1+ 37. Bf1 Qe3+ 38. Qxe3 Bxe3+ 39. Kh2 d3 40. f6 Bxc5 41. Rxg7+ Kh8 42. Bh3 d2 0-1

[Event "United Insurance 10th"]
[Site "Dhaka"]
[Date "2008.08.05"]
[Round "9"]
[White "Mohammed Abdul, Malek"]
[Black "Shrestha, Bilam Lal"]
[Result "1-0"]
[WhiteElo "2289"]
[BlackElo "2106"]
[PlyCount "73"]
[EventDate "2008.07.30"]
[EventType "swiss"]
[EventRounds "10"]
[EventCountry "BAN"]
[SourceTitle "CBM 125 Extra"]
[Source "ChessBase"]
[SourceDate "2008.09.01"]
[SourceVersion "1"]
[SourceVersionDate "2008.09.01"]
[SourceQuality "1"]

1. d4 Nf6 2. Nf3 e6 3. e3 c5 4. c3 Nc6 5. Bd3 d5 6. Nbd2 Bd7 7. 0-0 Qc7 8. a3 Rc8 9. h3 e5 10. e4 dxe4 11. Nxe4 cxd4 12. Nxf6+ gxf6 13. cxd4 Qd6 14. dxe5 Nxe5 15. Nxe5 fxe5 16. Re1 Be7 17. Qe2 f6 18. f4 Rc5 19. Be3 Rc7 20. Rad1 Qe6 21. fxe5 0-0 22. Bf4 f5 23. Kh1 Ba4 24. Rc1 Rfc8 25. Rf1 Kh8 26. Rxc7 Rxc7 27. Bd2 Qd5 28. Bc3 Bf8 29. e6+ Bg7 30. Rxf5 Qd8 31. Qe4 Bxc3 32. bxc3 Bc6 33. Qe5+ Rg7 34. Rf7 Qg8 35. Qf6 Bxg2+ 36. Kg1 Be4+ 37. Rxg7 1-0

[Event "United Insurance 10th"]
[Site "Dhaka"]
[Date "2008.08.02"]
[Round "6"]
[White "Shrestha, Bilam Lal"]
[Black "Haque, Rezaul"]
[Result "0-1"]
[WhiteElo "2106"]
[BlackElo "2179"]
[PlyCount "120"]
[EventDate "2008.07.30"]
[EventType "swiss"]
[EventRounds "10"]
[EventCountry "BAN"]
[SourceTitle "CBM 125 Extra"]
[Source "ChessBase"]
[SourceDate "2008.09.01"]
[SourceVersion "1"]
[SourceVersionDate "2008.09.01"]
[SourceQuality "1"]

1. e4 d6 2. d4 Nf6 3. Nc3 c6 4. Nf3 Bg4 5. Be2 e6 6. 0-0 Be7 7. Be3 d5 8. Nd2 Bxe2 9. Qxe2 0-0 10. e5 Nfd7 11. Nd1 c5 12. c3 Nc6 13. f4 Rc8 14. Nf3 cxd4 15. Nxd4 Nxd4 16. cxd4 Nb6 17. b3 Rc6 18. Rc1 Qd7 19. Rxc6 Qxc6 20. Nf2 Rc8 21. Rc1 Qd7 22. Rxc8+ Qxc8 23. Nd3 Nd7 24. g4 Nb8 25. Kg2 Qc3 26. Qd2 Qxd2+ 27. Bxd2 Nc6 28. Bc3 f6 29. Kf3 fxe5 30. dxe5 g6 31. f5 gxf5 32. gxf5 Kf7 33. f6 Bf8 34. h4 Kg6 35. b4 d4 36. Bb2 Kf5 37. Ke2 a6 38. a4 Nxe5 39. Nxe5 Kxe5 40. Kd3 Kxf6 41. Bxd4+ e5 42. Bc3 Kf5 43. Be1 Kf4 44. Ke2 Ke4 45. b5 axb5 46. axb5 Kd5 47. Bf2 Bc5 48. Bg3 Bd4 49. Kf3 Kc5 50. Ke4 Kxb5 51. Kd5 Kb4 52. Bxe5 Bxe5 53. Kxe5 Kc4 54. Kf6 b5 55. h5 b4 56. Kg7 b3 57. Kxh7 b2 58. h6 b1Q+ 59. Kh8 Qb8+ 60. Kg7 Qe5+ 0-1

[Event "Asia Classical 15th"]
[Site "Doha"]
[Date "2006.12.14"]
[Round "9"]
[White "Shrestha, Bilam Lal"]
[Black "Ayyad, Maher"]
[Result "1-0"]
[WhiteElo "2104"]
[BlackElo "2137"]
[PlyCount "63"]
[EventDate "2006.12.06"]
[EventType "swiss"]
[EventRounds "9"]
[EventCountry "QAT"]
[SourceTitle "CBM 115 Extra"]
[Source "ChessBase"]
[SourceDate "2007.01.10"]
[SourceVersion "1"]
[SourceVersionDate "2007.01.10"]
[SourceQuality "1"]

1. e4 c5 2. Nf3 e6 3. d4 cxd4 4. Nxd4 Nf6 5. Nc3 Nc6 6. Be2 Bb4 7. Nxc6 bxc6 8. f3 Qb6 9. Bd2 d5 10. exd5 cxd5 11. a3 Be7 12. b3 0-0 13. Bd3 e5 14. Qe2 Re8 15. Bb5 Rd8 16. Na4 Qc7 17. 0-0 a6 18. Bd3 Bb7 19. Be3 e4 20. fxe4 dxe4 21. Bc4 Re8 22. Rad1 Bd6 23. Bb6 Bxh2+ 24. Kh1 Qe5 25. Bd4 Qg3 26. Bxf6 gxf6 27. Qh5 e3 28. Qxf7+ Kh8 29. Qxf6+ Qg7 30. Qxg7+ Kxg7 31. Rf7+ Kg6 32. Kxh2 1-0